000 01244cam a22004094i 4500
003 PE-LiUPU
005 20250731173218.0
008 150625s r 000 0 d
035 _a(Sirsi) a33318
040 _aPE-LiUPU
_bspa
_cPE-LiUPU
_erda
049 _aPRUA
082 0 4 _a226.5
_bM28
_221
100 1 _aMateos, Juan,
_eautor.
245 1 3 _aEl Evangelio de Juan /
_cJuan Mateos.
264 1 _a
336 _atext
_2rdacontent
337 _aunmediated
_2rdamedia
338 _avolume
_2rdacarrier
526 _aSEG42
526 _aSEG41
526 _aSEG40
526 _aSEG39
526 _aP94
526 _aP87
526 _aP86
526 _aP85
526 _aP77
526 _aP76
526 _aP35
630 _aBiblia.
_pN.T.
_pJuan
_xComentarios.
910 _a
942 _2ddc
_cBOOK
949 _a226.5 M28
_wDEWEY
_c1
_i18171
_lCCODEBUL1
_mBUL
_p15.00
_r0
_sY
_tBOOK
_u2015-06-25
_xBIBLIOTECA
_zUNKNOWN
_0COMPRA
_o.STAFF. Colección Teología
596 _a1
999 _a226.5 M28
_wDEWEY
_c41052
_i18171
_d41052
_e2018-11-23
_f2021-11-9
_g5
_lCCODEBUL1
_mBUL
_n2
_p15.00
_q14
_r0
_sY
_tBOOK
_u2015-6-25
_xTEOLOGIA
_PP35
_0COMPRA
_o.STAFF. Colección Teología
980 _81
_gALBERTO SANCHEZ Responsable de Automatización